| Tag |
First Indicator |
Second Indicator |
Subfields |
| LEADER |
00000cam a2200000Ia 4500 |
| 001 |
in00001709310 |
| 005 |
20151024151621.0 |
| 008 |
010205s1962 miu bb 000 0 eng d |
| 035 |
|
|
|a (OCoLC)ocm45848403
|
| 040 |
|
|
|a GZI
|c GZI
|d TXA
|d UtOrBLW
|
| 049 |
|
|
|a TXAM
|
| 099 |
|
|
|a fiche
|a S
|a 458 no.TC007085
|
| 245 |
0 |
0 |
|a Self-concept of ability scale :
|b form A : general /
|c by Wilbur Brookover, and others.
|
| 264 |
|
1 |
|a East Lansing, Mich. :
|b College of Education, Michigan State University,
|c [1962]
|
| 264 |
|
4 |
|c ©1962
|
| 300 |
|
|
|a [3, 2] pages
|
| 336 |
|
|
|a text
|b txt
|2 rdacontent
|
| 337 |
|
|
|a microform
|b h
|2 rdamedia
|
| 338 |
|
|
|a microfiche
|b he
|2 rdacarrier
|
| 520 |
|
|
|a The Self-Concept of Ability Scale: General Form was designed to measure the relationship between self-definitions of academic ability and actual school achievement of high school students.
|
| 505 |
0 |
|
|a Test
|
| 504 |
|
|
|a Includes bibliographic references.
|
| 533 |
|
|
|a Microfiche.
|b Princeton, N.J. :
|c Educational Testing Service,
|d [1999].
|e 1 microfiche : negative.
|f (Tests in microfiche. Set Y ; TC007085) --
|n Abstract precedes instrument.
|
| 500 |
|
|
|a Microform.
|
| 650 |
|
0 |
|a Education
|x Ability testing.
|
| 650 |
|
0 |
|a Prediction of scholastic success.
|
| 650 |
|
0 |
|a Academic achievement.
|
| 650 |
|
0 |
|a Examinations
|x Specimens.
|
| 700 |
1 |
|
|a Brookover, Wilbur B.
|
| 830 |
|
0 |
|a Tests in microfiche ;
|v no. TC007085.
|
| 948 |
|
|
|a cataloged
|b h
|c 2002/9/5
|d c
|e ceaton
|f 2:45:55 pm
|
| 994 |
|
|
|a E0
|b TXA
|
| 999 |
|
|
|a MARS
|
| 999 |
f |
f |
|s 6e5b2168-7fba-3910-8134-efc21d6835a4
|i ed4130bf-bfad-3602-9bb7-07dbe37ab3a8
|t 0
|
| 952 |
f |
f |
|p normal
|a Texas A&M University
|b College Station
|c Sterling C. Evans Library
|d Evans: Microforms (3rd floor)
|t 0
|e fiche S 458 no.TC007085
|h Other scheme
|i microform -- microfiche
|m A14829029395
|
| 998 |
f |
f |
|a fiche S 458 no.TC007085
|t 0
|l Evans: Microforms (3rd floor)
|